00165nam a22000857a 4500082001300000100001400013245002000027260002400047300000800071 a297.7GRU aGrube J E aIslamic pottery aLondonbFiberc1976 a378